000 00536nam a2200217Ia 4500
003 OSt
005 20220928144815.0
006 a|||||r|||| 00| 0
007 ta
008 220927b |||||||| |||| 00| 0 eng d
024 _a76198
037 _cTextual
040 _aSDCL
_cSDCL
_beng
041 _2eng
_aeng
082 _aQ:458.211'C, N2
100 _aDayalan D
_9452623
245 0 _aEarly temples of Tamilnadu.
260 _c1992
942 _hQ:458.211'C, N2
_cTEXL
_2CC
999 _c829753
_d829753